LEADER 01253nam a2200301 a 4500 001 000000122598 003 CaOOAMICUS 005 20100726123916.0 008 100726t2009 it d u000 u ita r 020 $a978-88-15-13184-3 040 $aPUL$bita$dReb 082 04$a338 100 1 $aFortis, Marco.$0(OLS)http://pul/name/58597 245 13$aLa crisi mondiale e l'Italia /$cMarco Fortis. 260 $aBologna :$bIl Mulino,$c©2009. 300 $a180 p. :$bgraf. ;$c22 cm 490 1 $aCollana della Fondazione Edison ;$v14 504 $aInclude riferimenti bibliografici ed indice. 650 4$aEconomia$zItalia.$0(OLS)http://pul/subject/6730 650 4$aEconomia.$0(OLS)http://pul/subject/1893 830 0$aCollana della Fondazione Edison ;$v14.$0(OLS)http://pul/title/117010 850 $aPUL 852 $aPUL$W1$xSL Diritto e Scienze Sociali 3$y79$m338 COLL 2.14$j140807$qDDC 21$B139891$CPULBib$Z2$F139891 $H114705 $82 941 1 $a9 996 $6020$a978-88-15-13184-3$9(OLS)http://pul/number/145012 996 $6082$a338$9(OLS)http://pul/classification/647 996 $6245$aLa crisi mondiale e l'Italia$9(OLS)http://pul/title/154496 996 $6260$aBologna :$bIl Mulino$9(OLS)http://pul/publisher/47928 LEADER 01806nam a2200313 u 4500 001 000000092665 003 CaOOAMICUS 005 20070226124949.0 008 060719s2006 be cf u000 u fre u 020 $a2503523412 035 $a11095782 040 $aPUL$bita 245 00$aPierre Geoltrain ou comment "faire l'histoire" des religions? :$ble chantier des "origines", les méthodes du doute et la conversation contemporaine entre les disciplines /$csous la direction de Simon C. Mimouni et Isabelle Ullern-Weité. 260 $aTurnhout :$bBrepols,$cc2006. 300 $a399 p. :$bant. (ritr.) ;$c24 cm 490 1 $aBibliothèque de l'Ecole des hautes études.$aSciences religieuses ;$v128 500 $aIn testa al front.: Centre d'études des religions du livre. 600 10$aGeoltrain, Pierre,$d1929-2004.$2//eng$0(OLS)http://pul/subject/26134 700 1 $aGeoltrain, Pierre,$d1929-2004.$0(OLS)http://pul/name/49844 700 1 $aUllern-Weité, Isabelle.$0(OLS)http://pul/name/59757 700 1 $aMimouni, Simon Claude.$0(OLS)http://pul/name/21525 710 2 $aCentre d'études des religions du livre (France).$0(OLS)http://pul/name/13895 830 0$aBibliothèque de l'Ecole des hautes études.$pSciences religieuses ;$v128.$0(OLS)http://pul/title/13429 850 $aPUL 852 $aPUL$W1$xSL Religione 1$y3$m52 I 128$j116517$nBK-PRI$b $qStampati$B116517$CPULBib$Z2$F116517 $HPUL101949 $81 941 1 $a8 996 $6020$a2503523412$9(OLS)http://pul/number/121834 996 $6245$aPierre Geoltrain ou comment "faire l'histoire" des religions? :$ble chantier des "origines", les méthodes du doute et la conversation contemporaine entre les disciplines$9(OLS)http://pul/title/119578 996 $6260$aTurnhout :$bBrepols$9(OLS)http://pul/publisher/47850